000 00633nam a2200229Ia 4500
003 OSt
005 20221007065020.0
006 a|||||r|||| 00| 0
007 ta
008 221006b |||||||| |||| 00| 0 eng d
024 _a11,518
037 _cTextual
040 _aFLL
_cFLL
_beng
041 _2eng
_aeng
082 _aV2y7M89, L6
100 _aPrashad Ganesh Au.
_9686544
245 0 _aNehru
_b A study in colonial liberalism
260 _aDelhi
_bSterling publishers pvt ltd. India
_c1976
300 _a218p
_ccm.
942 _hV2y7M89, L6
_cTEXL
_2CC
999 _c1136026
_d1136026